| 000 | 00478nam a2200157 4500 | ||
|---|---|---|---|
| 001 | 113864 | ||
| 003 | ES-MaACL | ||
| 005 | 20230906190025.0 | ||
| 007 | t| | ||
| 008 | 061121s1935 sp r ||||1| spa d | ||
| 100 | 1 |
_aPaew. M. de. _988225 |
|
| 245 | 1 | 3 |
_aEl método Montesori tal como se aplica en las `Casas de los niños` / _cexpuesto y comentado por M. de Paew. |
| 260 |
_aMadrid : _bLa Lectura, _c1935. |
||
| 300 |
_a180 p. ; _c19 cm. |
||
| 852 |
_aES-MaACL _jF-4721 _bR.4355 |
||
| 999 |
_c113864 _d113864 |
||